| 000 | 00788nam a2200241 i 4500 | ||
|---|---|---|---|
| 001 | 16676 | ||
| 003 | BD-RjUL | ||
| 005 | 20211209000034.0 | ||
| 008 | 140215r19651964enka j 000 0 eng d | ||
| 035 | _a(BD-RjUL)16731 | ||
| 040 |
_aDLC _cDLC _dDLC _dBD-RjUL _beng |
||
| 041 | _aeng | ||
| 082 | 0 | 0 |
_a796.3582 _bBEY 1965 |
| 100 | 1 |
_aBenaud, L. R. _951509 |
|
| 245 | 1 | 4 |
_aThe young cricketer / _c[by] L. R. (Lou) Benaud ; with foreword and photo demonstration by Richie Benaud ; photography by Greg Weight. |
| 260 |
_aLondon : _bAngus and Robertson, _cc1964 [reprinted 1965] |
||
| 300 |
_a87 p. : _bill. ; _c26 cm. |
||
| 650 | 0 |
_aCricket _xJuvenile literature. _951510 |
|
| 700 | 1 |
_aBenaud, Richie, _d1930- _951511 |
|
| 942 |
_2ddc _cBK |
||
| 999 |
_c16676 _d16676 |
||